The National (feat. Taylor Swift) - The Alcott (Lyrics) - Statistics

General Stats
  • This quiz has been taken 165 times
  • The average score is 334 of 387
Answer Stats
Answer % Correct
a
100%
Alcott
99%
And
99%
and
99%
I
99%
I'd
99%
it
99%
me
99%
me,
99%
my
99%
on,
99%
on
99%
you
99%
You
99%
you)
99%
you?)
99%
tell
97%
(Tell
97%
The
97%
the
97%
When
97%
do
96%
love
96%
love)
96%
thing
96%
To
96%
to
96%
With
96%
with
96%
be
94%
It's
94%
go
94%
in
94%
It's
94%
it's
94%
your
94%
are,
93%
are
93%
I'm
93%
that
93%
at
91%
Is
91%
is
91%
last
91%
this
91%
truth
91%
first
90%
wanted
90%
back
88%
Back
88%
(Back
88%
problems
87%
problems?)
87%
think
87%
falling
85%
for
85%
all
82%
meet
82%
of
82%
one
82%
side
82%
some
82%
which
82%
Who
82%
see
81%
(Could
79%
golden
79%
(Did
78%
I'll
78%
Where
78%
easy
76%
over
76%
notebook
74%
used
74%
always
72%
someone
72%
(Give
71%
like
71%
mine
71%
ruin
71%
twisted
71%
Writing
71%
about
69%
aid
69%
dear?)
69%
get
69%
there
69%
you'd
69%
forget
68%
(Have
68%
sit
68%
thinking
68%
become
66%
landmine)
66%
once?)
66%
tips
66%
(Everything
63%
How
63%
into
63%
threads
63%
up
63%
myself
62%
something
62%
Waiting
62%
break
60%
('Cause
60%
corner
60%
curse
60%
sitting
60%
that's
60%
evening
59%
our
59%
abet
57%
look
57%
smile
57%
(Why
57%
don't
56%
parade?)
56%
out
54%
will
54%
house)
53%
you'll
53%
as
51%
believe?
51%
had
51%
(Shred
51%
still
51%
rain
50%
sentence
50%
gown)
49%
(Read
49%
many
47%
times
47%
usual
47%
loud)
43%
silently
40%
No matching quizzes found
Score Distribution
Percent of People with Each Score
Percentile by Number Answered
Your Score History
You have not taken this quiz